000 00484nam a2200181 4500
001 VA43929
003 ES-SlBCS
005 20210601155904.0
008 140520s1956 xxu||||| |||| 00| 0 spa d
041 _aspa
100 1 _aMuñoz Hidalgo, Florencio
_928737
245 1 0 _aDivorcio espiritual
_cFlorencio Muñoz Hidalgo
260 _aMadrid :
_bStudium
_c, 1956
300 _a124 p.;
_c19 cm
490 0 _aHogar
_v9
650 0 4 _aDivorcio Espiritual-Prevención
_9385029
942 _cBK
999 _c823100
_d823100